বাংলাদেশের লোকনাট্যে অভিনয় পদ্ধতি / (Record no. 47485)
[ view plain ]
| 000 -LEADER | |
|---|---|
| fixed length control field | 00875nam a22002177a 4500 |
| 001 - CONTROL NUMBER | |
| control field | 47485 |
| 003 - CONTROL NUMBER IDENTIFIER | |
| rucl marc code | BD-RjUL |
| 005 - DATE AND TIME OF LATEST TRANSACTION | |
| control field | 20211209054327.0 |
| 008 - FIXED-LENGTH DATA ELEMENTS--GENERAL INFORMATION | |
| fixed length control field | 160808s2010 B a|||| |b|| 00| 0 ben d |
| 035 ## - SYSTEM CONTROL NUMBER | |
| System control number | (BD-RjUL)47604 |
| 040 ## - CATALOGING SOURCE | |
| Original cataloging agency | BD-RjUL |
| Language of cataloging | ben |
| Transcribing agency | BD-RjUL |
| 041 ## - LANGUAGE CODE | |
| Language code of text/sound track or separate title | ben |
| 082 ## - DEWEY DECIMAL CLASSIFICATION NUMBER | |
| Edition number | 23 |
| Classification number | 792.5492 |
| Author mark and year | LIB 2010 |
| 100 1# - MAIN ENTRY--PERSONAL NAME | |
| Personal name | লিপন, সাইদুর রহমান |
| 9 (RLIN) | 144388 |
| 245 10 - TITLE STATEMENT | |
| Title | বাংলাদেশের লোকনাট্যে অভিনয় পদ্ধতি / |
| Statement of responsibility, etc. | সাইদুর রহমান লিপন |
| 260 ## - PUBLICATION, DISTRIBUTION, ETC. (IMPRINT) | |
| Place of publication, distribution, etc. | ঢাকা : |
| Name of publisher, distributor, etc. | বাংলা একাডেমী, |
| Date of publication, distribution, etc. | ২০১০ |
| 300 ## - PHYSICAL DESCRIPTION | |
| Pagination | [৮], ২৩৯ পৃ. : |
| Illustrations | চিত্র ; |
| Size | ২১ সেমি. |
| 650 ## - SUBJECT ADDED ENTRY--TOPICAL TERM | |
| Topical term or geographic name as entry element | মঞ্চ অভিনয় |
| Geographic subdivision | বাংলাদেশ |
| 9 (RLIN) | 144389 |
| Topical term or geographic name as entry element | Stage performance |
| Geographic subdivision | Bangladesh |
| 9 (RLIN) | 144390 |
| 942 ## - ADDED ENTRY ELEMENTS (KOHA) | |
| Source of classification or shelving scheme | Dewey Decimal Classification |
| Koha item type | Books |
| Lost status | Source of classification or shelving scheme | Damaged status | Not for loan | Collection code | Permanent Location | Current Location | Shelving location | Date acquired | Source of acquisition | Cost, normal purchase price | Total Checkouts | Full call number | Date last seen | Date checked out | Copy number | Koha item type |
|---|---|---|---|---|---|---|---|---|---|---|---|---|---|---|---|---|
| Dewey Decimal Classification | Non-fiction | Central Library, University of Rajshahi | Central Library, University of Rajshahi | 23/06/2013 | Bangla Accademi | 150.00 | 2 | B 792.5492 LIB 2010 | 23/05/2022 | 09/05/2022 | C-2 | Books | ||||
| Dewey Decimal Classification | Non-fiction | Central Library, University of Rajshahi | Central Library, University of Rajshahi | 23/06/2013 | Bangla Accademi | 150.00 | B 792.5492 LIB 2010 | 08/08/2016 | C-3 | Books | ||||||
| Dewey Decimal Classification | Not For Loan | Non-fiction | Central Library, University of Rajshahi | Central Library, University of Rajshahi | Reading Room | 23/06/2013 | Dhaka, Bangla Academy | 150.00 | B 792.5492 LIB 2010 | 14/05/2017 | C-1 | Books |